MARC
| LEADER | 00000cam a2200000 7i4500 | ||
|---|---|---|---|
| 001 | 0000009679 | ||
| 002 | 000010544 | ||
| 005 | 20000330.0 | ||
| 020 | |a 9835800073 | ||
| 090 | 0 | 0 | |a 612 |b PAR |
| 100 | 1 | |a Parker, Steve | |
| 245 | 1 | 0 | |a Sentuhan,Rasa Dan Bau |
| 999 | |a 046844 |b BUKU |c JUNIOR BOOKS |e PERPUSTAKAAN KOMUNITI CAW KOTA DAMANSARA | ||
| 999 | |a 077411 |b BUKU |c PINJAMAN |e PERPUSTAKAAN KOMUNITI PETALING JAYA | ||